000 01138nam0a22002651i 4500
001 rc\2338638
005 20240921105618.0
035 _a(NLR Aleph) 006585990
090 _a7095424
_c7095424
100 _a20110829d1977 |||y0rusy50 ca
101 0 _arus
102 _aRU
105 _ay d |||||
200 1 _aНивхи
_eПроблемы хозяйства, общественного строя и этнической истории
_e(Середина XIX - начало XX веков)
_eАвтореф. дис. на соиск. учен. степени д-ра ист. наук
_e(07.00.07)
_fАН СССР. Ин-т этнографии им. Н.Н. Миклухо-Маклая
210 _aМосква
_d1977
215 _a33 с.
320 _aСписок работ авт.: с. 31-33 (33 назв.)
700 1 _4070
_7ca
_8rus
_aТаксами
_bЧ. М.
_f1931-2014
_gЧунер Михайлович
_9254438
_3RU\NLR\AUTH\770254494
801 0 _aRU
_bNLR
_gpsbo
801 1 _aRU
_bELAR
_2rusmarc
852 _aNLR
_j77-4/25128
899 _aRuMoRGB
_jДр 352/1581
899 _aRuMoRGB
_jДр 352/1582
942 _cBOOK